A feasibility review of Hydro Power project on Chashm Jehlum link canal. (Record no. 551313)
[ view plain ]
| 000 -LEADER | |
|---|---|
| fixed length control field | 00404nam a22001337a 4500 |
| 082 ## - DEWEY DECIMAL CLASSIFICATION NUMBER | |
| Classification number | P-551 |
| 100 ## - MAIN ENTRY--PERSONAL NAME | |
| Personal name | Adnan Zafar |
| 9 (RLIN) | 48334 |
| 245 ## - TITLE STATEMENT | |
| Title | A feasibility review of Hydro Power project on Chashm Jehlum link canal. |
| Statement of responsibility, etc. | Adnan Zafar, Zohaib Nawaz. |
| 260 ## - PUBLICATION, DISTRIBUTION, ETC. | |
| Place of publication, distribution, etc. | Risalpur: |
| Name of publisher, distributor, etc. | MCE: |
| Date of publication, distribution, etc. | 18 Jul 2014. |
| 526 ## - STUDY PROGRAM INFORMATION NOTE | |
| Program name | 0 |
| Interest level | 0 |
| Reading level | 0 |
| Title point value | P_551 |
| 650 ## - SUBJECT ADDED ENTRY--TOPICAL TERM | |
| Topical term or geographic name entry element | Project: |
| 700 ## - ADDED ENTRY--PERSONAL NAME | |
| Personal name | Abdul Waheed Asst Prof. |
| 9 (RLIN) | 48335 |
| 942 ## - ADDED ENTRY ELEMENTS (KOHA) | |
| Source of classification or shelving scheme | |
| Koha item type | Book |
| Withdrawn status | Lost status | Source of classification or shelving scheme | Damaged status | Not for loan | Permanent Location | Current Location | Date acquired | Total Checkouts | Full call number | Barcode | Date last seen | Price effective from | Koha item type | Public note |
|---|---|---|---|---|---|---|---|---|---|---|---|---|---|---|
| Military College of Engineering (MCE) | Military College of Engineering (MCE) | 12/10/2014 | P-551 | MCE-P-551 | 12/10/2014 | 12/10/2014 | Book | Project: |
